Charlie et la chocolaterie / (Record no. 6749)

MARC details
000 -LEADER
fixed length control field 00872nam a22002537a 4500
001 - CONTROL NUMBER
control field 6749
003 - CONTROL NUMBER IDENTIFIER
control field FISKH
005 - DATE AND TIME OF LATEST TRANSACTION
control field 20250523153209.0
008 - FIXED-LENGTH DATA ELEMENTS--GENERAL INFORMATION
fixed length control field 250523b cb ||||| |||| 00| 0 eng d
020 ## - INTERNATIONAL STANDARD BOOK NUMBER
International Standard Book Number 9782070513338
040 ## - CATALOGING SOURCE
Original cataloging agency FISKH
Language of cataloging French
Transcribing agency FISKH
Modifying agency FISKH
050 ## - LIBRARY OF CONGRESS CALL NUMBER
Classification number PZ7.D1515 C
082 ## - DEWEY DECIMAL CLASSIFICATION NUMBER
Classification number 823.914
100 ## - MAIN ENTRY--PERSONAL NAME
Personal name Dahl, Roald
245 ## - TITLE STATEMENT
Title Charlie et la chocolaterie /
Statement of responsibility, etc. By Roald Dahl
260 ## - PUBLICATION, DISTRIBUTION, ETC.
Place of publication, distribution, etc. Paris :
Name of publisher, distributor, etc. Gallimard Jeunesse ,
Date of publication, distribution, etc. 1997.
300 ## - PHYSICAL DESCRIPTION
Extent 234 pages :
Other physical details illustrations ;
Dimensions 18 cm .
490 ## - SERIES STATEMENT
Series statement Charlie and the Chocolate Factory (1)
520 ## - SUMMARY, ETC.
Summary, etc. Each of five children lucky enough to discover an entry ticket into Mr. Willy Wonka's mysterious chocolate factory takes advantage of the situation in his own way.<br/>
650 ## - SUBJECT ADDED ENTRY--TOPICAL TERM
Topical term or geographic name entry element Candy
Form subdivision children's literature
700 ## - ADDED ENTRY--PERSONAL NAME
Personal name Blake, Quentin
Relator term Illustrator
942 ## - ADDED ENTRY ELEMENTS (KOHA)
Source of classification or shelving scheme Dewey Decimal Classification
Koha item type Books
Suppress in OPAC No
Holdings
Withdrawn status Lost status Source of classification or shelving scheme Damaged status Not for loan Collection Home library Current library Shelving location Date acquired Total Checkouts Full call number Barcode Date last seen Date last checked out Price effective from Koha item type
    Dewey Decimal Classification     Fiction Footprints International School Library Network Toul Tom Poung Campus Footprints International School Library Network Toul Tom Poung Campus TTP Secondary Fiction Bookshelves 05/23/2025 1 DAH 823.914 PZ7.D1515 C FISSE03156 10/01/2025 09/15/2025 05/23/2025 Books